000
00312nam a22001337a 4500
008
180214b xxu||||| |||| 00| 0 eng d
020
_a
9781111720568
041
_a
eng
080
_2
11th
_a
311
100
_a
55
101
_a
STA
245
_a
Statistics for business& economics
_c
Anderson,D.R
942
_2
udc
_c
BK
999
_c
42474
_d
42474